5HLuxD.jpg

KING HENRY VIII SENIOR AND PRIMARY SCHOOL LIBRARY OPAC

Rapunzel / (Record no. 5586)

000 -LEADER
fixed length control field 01142nam a22002777a 4500
003 - CONTROL NUMBER IDENTIFIER
control field OSt
005 - DATE AND TIME OF LATEST TRANSACTION
control field 20251008101400.0
008 - FIXED-LENGTH DATA ELEMENTS--GENERAL INFORMATION
fixed length control field 251008b ||||| |||| 00| 0 eng d
020 ## - INTERNATIONAL STANDARD BOOK NUMBER
International Standard Book Number 9781409591528
040 ## - CATALOGING SOURCE
Transcribing agency KH8
082 ## - DEWEY DECIMAL CLASSIFICATION NUMBER
Classification number FIC DAV
100 ## - MAIN ENTRY--PERSONAL NAME
Personal name Davidson, Susanna,
Relator term author.
245 ## - TITLE STATEMENT
Title Rapunzel /
Statement of responsibility, etc. based on the story by the Broyhers Grimm, retold by Susanna Davidson and illustrated by Desideria Guicciardini.
260 ## - PUBLICATION, DISTRIBUTION, ETC.
Place of publication, distribution, etc. England ;
Name of publisher, distributor, etc. Usborne Publishing Ltd ,
Date of publication, distribution, etc. 2005.
300 ## - PHYSICAL DESCRIPTION
Extent 48 pages :
Other physical details color illustartions ;
Dimensions 20 cm.
490 ## - SERIES STATEMENT
Series statement Usborne Young Reading
Volume/sequential designation series one
520 ## - SUMMARY, ETC.
Summary, etc. Kidnapped at birth by a wicked witch, then locked up in a tower, Rapunzel thinks all is lost... until a handsome prince comes riding by. But the witch is more cunning than they realize. Will Rapunzel ever escape?
650 ## - SUBJECT ADDED ENTRY--TOPICAL TERM
Topical term or geographic name entry element Easy reading
Form subdivision fiction
650 ## - SUBJECT ADDED ENTRY--TOPICAL TERM
Topical term or geographic name entry element Story telling
Form subdivision fiction
700 ## - ADDED ENTRY--PERSONAL NAME
Personal name Guicciardini, Desideria,
Relator term illustrator.
700 ## - ADDED ENTRY--PERSONAL NAME
Personal name Kelly, Alison,
Relator term reading consultant.
700 ## - ADDED ENTRY--PERSONAL NAME
Personal name Sims, Lesley,
Relator term series editor.
700 ## - ADDED ENTRY--PERSONAL NAME
Personal name Punter, Russell,
Relator term desinger.
830 ## - SERIES ADDED ENTRY--UNIFORM TITLE
Uniform title Usborne Young Reading
942 ## - ADDED ENTRY ELEMENTS (KOHA)
Source of classification or shelving scheme
Koha item type Books
Holdings
Withdrawn status Lost status Source of classification or shelving scheme Damaged status Not for loan Collection code Permanent Location Current Location Shelving location Date acquired Full call number Barcode Date last seen Price effective from Koha item type
          Fiction KH8 Senior School Library KH8 Senior School Library On Display 2025-10-08 FIC DAV BRKHSL000003 2025-10-08 2025-10-08 Books - Fiction

Powered By KH8 IT Dept